000 01450cam a22004454i 4500
003 PE-LiUPU
005 20250731173501.0
008 150616s r 000 0 d
035 _a(Sirsi) a6903
040 _aPE-LiUPU
_bspa
_cPE-LiUPU
_erda
049 _aPRUA
082 0 4 _a224.9066
_bF34
_221
100 1 _aFeinberg, Charles L.,
_eautor.
245 1 4 _aThe Minor Prophets /
_cCharles L. Feinberg.
264 1 _aChicago :
_bMoody Press,
_c1976.
300 _a360 páginas ;
_c23 cm.
336 _atext
_2rdacontent
337 _aunmediated
_2rdamedia
338 _avolume
_2rdacarrier
505 0 _aComentarios de los Profetas Menores del Antiguo Testamento.
526 _aSEG42
526 _aSEG41
526 _aSEG40
526 _aSEG39
526 _aP94
526 _aP87
526 _aP86
526 _aP85
526 _aP77
526 _aP76
526 _aP35
630 _aBiblia.
_pA.T.
_pProfetas menores
_xComentarios.
910 _ajck
_bjvq
_cjck
942 _2ddc
_cBOOK
949 _a224.9066 F34
_wDEWEY
_c1
_i40284
_lCCODEBUL1
_mBUL
_p00.00
_r0
_sY
_tBOOK
_u19960104
_xTEOLOGIA
_zUNKNOWN
_0COMPRA
_o.STAFF. Colección General
994 _aC0
_bPEPRU
596 _a1
999 _a224.9066 F34
_wDEWEY
_c58087
_i40284
_d58087
_f2021-11-9
_g5
_lCCODEBUL1
_mBUL
_q7
_r0
_sY
_tBOOK
_u2015-6-16
_xTEOLOGIA
_zUNKNOWN
_0COMPRA
_o.STAFF. Colección General
980 _81
_gALBERTO SANCHEZ Responsable de Automatización